000 01187nam a2200241Ia 4500
999 _c4457
_d4457
003 OSt
005 20200424121655.0
008 191128s2016 ck a ar 000 j spa d
020 _a9789583052750
040 _aCO-JMCR
_cCO-JMCR
041 0 _aspa
082 _aC /
_bKLIl
100 1 _aKlitzing, Maren von,
_eautor
_93538
245 1 0 _aLecturas acogedoras para leer juntos : sueños, estrellas y días de lluvia /
_cMaren von Klitzing ; ilustraciones Joëlle Tourlonias
250 _aPrimera edición
260 _aBogotá :
_bPanamericana,
_c2016
300 _a77 páginas :
_bilustraciones a color ;
_c24 cm.
500 _aRecomendado para niños de 0 a 5 años.
505 _aEl hechizo del sueño -- Una tormenta como en Groenlandia -- Torneo de caballería con concierto de ranas -- Mimos con el gato Muck -- Karlotta y el desayuno de brujas -- Paul solo quiere dormir -- En las noches todos los zorros son grises -- El genio de la
520 _aEn este libro de lecturas acogedoras para leer juntos, acerca de pequeños osos, gatos, malabaristas, ovejas y juguetes, cada niño encontrará su historia favorita.
650 1 4 _aCuentos infantiles
_93539
942 _2ddc
_cBK